Länder mit einem H - Statistiken

Allgemein
  • Dieses Quiz wurde 289 mal gespielt
    250 seit der letzten Aktualisierung
  • Das Durchschnittsergebnis liegt bei 18 aus 36
Antwortstatistiken
Länder mit nur einem H % Korrekt
Honduras
92%
China
84%
Schweden
83%
Haiti
82%
Deutschland
78%
Schweiz
76%
Chile
72%
Frankreich
69%
Österreich
65%
Griechenland
63%
Thailand
59%
Kasachstan
58%
Afghanistan
50%
Bhutan
49%
Vereinigtes Königreich
49%
Philippinen
49%
Aserbaidschan
48%
Liechtenstein
48%
Ghana
46%
Bosnien und Herzegowina
45%
Bahrain
42%
Tadschikistan
41%
Vereinigte Arabische Emirate
41%
Bangladesch
40%
Bahamas
38%
Fidschi
38%
Äthiopien
35%
Dominikanische Republik
35%
Tschad
35%
Lesotho
34%
Kambodscha
33%
Marshallinseln
33%
Demokratische Republik Kongo
32%
Dschibuti
32%
Seychellen
30%
Zentralafrikanische Republik
29%
Keine übereinstimmenden Quizze gefunden
Verteilung der Resultate
Anzahl Personen mit jedem Resultat
Perzentil nach korrekt beantworteten Fragen
Ihre Resultats-Entwicklung
Sie haben dieses Quiz seit der letzten Aktualisierung nicht gespielt